000 00489nam a2200169Ia 4500
003 GCL
008 140319s9999 xx 000 0 ara d
040 _aGCL /
_cGCL
082 0 4 _a813.03
_bم ج
100 1 _aمحمود البدوى
245 1 0 _aالجمال الحزين /
_cمحمود البدوى
300 _a111 ص
490 _aالهيئة العامة للاستعلامات
_v0
650 0 4 _aالادب العربى
650 0 4 _aالقصص العربية
942 _2ddc
_cBK
999 _c47437
_d47437